书目信息 |
| 题名: |
分子克隆实验指南精编版
|
|
| 作者: | 萨姆布鲁克 , 拉塞尔 著 ;黄培堂 主译 | |
| 分册: | ||
| 出版信息: | 北京 化学工业出版社 2008.01 |
|
| 页数: | 693页 | |
| 开本: | 26cm | |
| 丛书名: | 生物实验室系列 | |
| 单 册: | ||
| 中图分类: | Q523-33 | |
| 科图分类: | ||
| 主题词: | 脱氧核糖核酸--tuo yang he tang he suan--重组--实验 | |
| 电子资源: | ||
| ISBN: | 978-7-122-01148-0 | |
| 000 | 01462nam 2200289 450 | |
| 001 | 012008636718 | |
| 005 | 20080425141511.18 | |
| 010 | @a978-7-122-01148-0@dCNY97.00 | |
| 100 | @a20080424d2008 em y0chiy0120 ea | |
| 101 | 1 | @achi@ceng |
| 102 | @aCN@b110000 | |
| 105 | @ay z 000yy | |
| 106 | @ar | |
| 200 | 1 | @a分子克隆实验指南精编版@Afen zi ke long shi yan zhi nan jing bian ban@d= The condensed protocols from molecular cloning : a laboratory manual@f(美) J.萨姆布鲁克, D.W.拉塞尔 著@F(mei)J.sa mu bu lu ke,D.W.la sai er zhu@g黄培堂主译@Ghuang pei tang zhu yi@zeng |
| 210 | @a北京@c化学工业出版社@d2008.01 | |
| 215 | @a693页@c图@d26cm | |
| 225 | 2 | @a生物实验室系列@Asheng wu shi yan shi xi lie |
| 330 | @a本书是《分子克隆实验指南》第三版的精编版,著者将原第三版的实验材料和操作技术部分抽出来并进行了适当的修正,从而使三卷本的大作汇成了精悍的一本。精编版囊括了原第三版中的“step—by—step”实验方案以及精心选择的附录部分,经原第三版的相同译者翻译并认真校订为中文,在准确性、实用性方面都有所增强。 | |
| 410 | 0 | @12001 @a生物实验室系列 |
| 500 | 10 | @aCondensed protocols from molecular cloning: a laboratory manual@mChinese |
| 606 | 0 | @a脱氧核糖核酸@Atuo yang he tang he suan@x重组@x实验 |
| 690 | @aQ523-33@v4 | |
| 701 | 1 | @a萨姆布鲁克@Asa mu bu lu ke@g(Sambrook, Joseph)@4著 |
| 701 | 1 | @a拉塞尔@Ala sai er@g(Russell, David.W)@4著 |
| 702 | 0 | @a黄培堂@Ahuang pei tang@4主译 |
| 801 | 0 | @aCN@bQSSK@c20080425 |
| 905 | @b297663@dQ523-33@eS006@f3 | |
| 分子克隆实验指南精编版= The condensed protocols from molecular cloning : a laboratory manual/(美) J.萨姆布鲁克, D.W.拉塞尔 著/黄培堂主译.-北京:化学工业出版社,2008.01 |
| 693页:图;26cm.-(生物实验室系列) |
| ISBN 978-7-122-01148-0:CNY97.00 |
| 本书是《分子克隆实验指南》第三版的精编版,著者将原第三版的实验材料和操作技术部分抽出来并进行了适当的修正,从而使三卷本的大作汇成了精悍的一本。精编版囊括了原第三版中的“step—by—step”实验方案以及精心选择的附录部分,经原第三版的相同译者翻译并认真校订为中文,在准确性、实用性方面都有所增强。 |
| ● |
| 相关链接 |
|
|
|
正题名:分子克隆实验指南精编版
索取号:Q523-33/S006
 
预约/预借
| 序号 | 登录号 | 条形码 | 馆藏地/架位号 | 状态 | 备注 |
| 1 | 297663 | 202976636 | 自科库401/ [索取号:Q523-33/S006] | 在馆 |